| 000 | 00347nam a2200145Ia 4500 | ||
|---|---|---|---|
| 003 | OSt | ||
| 008 | 191201s2014 xx 000 0 und d | ||
| 100 | _aSAXENA,SC | ||
| 245 | 0 | _aText book of Railway Engineering | |
| 250 | _aRep | ||
| 260 |
_aN. Delhi _bDhanpat Rai Pubns (P) Ltd _c2014 |
||
| 300 | _aMISC | ||
| 650 | _aB.Tech(CE) | ||
| 942 |
_2ddc _cBK |
||
| 999 |
_c5857 _d5857 |
||